О предоставлении избирательных прав Титову И. Ф.

Доступно только в Электронных читальных залах Найти на картеНа карте
RUSMARC
00004392nac2a22003013x 450
001321bff3f-917a-4fa9-b884-0192cc2273f1
00520211224172101.0
100##$a20211217l1924 k y0rusy50 ca
1010#$arus
102##$aRU
105##$ay z |||||
1220#$ad19241231
2001#$aО предоставлении избирательных прав Титову И. Ф.
$j1924
215##$a2 листа
251##$cДело
300##$aЗаголовок дела на папке: Титов Иван Филиппович. (Уральская губерния). О предоставлении избирательных прав
300##$aНа папке дела: 23 августа 1924 г. - 2 сентября 1924 г.
300##$aОбратная нумерация листов
300##$aЧасть текста машинописная и рукописная, часть - напечатана типографским способом
330##$aВходит в раздел описи: Индивидуальные заявления
461#0$1001796d4672-8a00-4986-b488-6e42273792cc
$12001
$aЦЕНТРАЛЬНЫЙ ИСПОЛНИТЕЛЬНЫЙ КОМИТЕТ СССР (ЦИК СССР)
$1251
$cФонд
$1852
$j3316
$gР
462#0$10019b37ce3b-cf5a-4e83-90b2-84b029570c85
$12001
$aПостановления, протоколы и выписки из протоколов заседаний Президиума ЦИК СССР по вопросам приема, выхода, лишения гражданства СССР. 1923-1938 гг.
$vД. 576
$1251
$cОпись
$1852
$j14
5171#$aТитов Иван Филиппович. (Уральская губерния). О предоставлении избирательных прав
600#1$aТитов
$bИ. Ф.
$gИван Филиппович
60101$3RU\NLR\AUTH\880357276
$aСССР
$bЦИК
801#0$aRU
$bGA_RF
801#1$aRU
$bГлавНИВЦ
$c20211217
$2rusmarc
801#2$aRU
$bПБ им. Б.Н. Ельцина
$c20211224
$gRCR
$2rusmarc
852##$aГА РФ
$j576
937##$d172127664
$hГАРФ
035##$aRuPRLIB51063429
856##$uhttp://readingroom.main.prlib.ru/item.aspx?id_node=n172127664&mode=full
Формат отображения